Ciudad de México en tiempos de Maximiliano /

Obra en que se explica cómo era la vida en la Ciudad de México y la gente que en ella vivía durante el corto imperio de Maximiliano de Habsburgo y su esposa, Carlota. Además de plantear la situación política y militar que se vivió en México y en su capital con la llegada de los emperadores, se descr...

Fuld beskrivelse

Guardado en:
Bibliografiske detaljer
Hovedforfatter: Luca de Tena, Torcuato (autor)
Format: Bog
Sprog:spansk
Udgivet: México : Planeta, 1990, c1990
Serier:(Ciudades en la Historia)
Fag:
Tags: Tilføj Tag
Ingen Tags, Vær først til at tagge denne postø!

MARC

LEADER 00000nam^a2200000^a^4500
001 000184722
005 20250521000000.0
009 20260310102126.716
020 |a 968-406-217-6 
037 |a Acervo ITESO - Biblioteca 
041 |a ESP 
082 |a 972. 532049  |b LUC 
100 |a Luca de Tena, Torcuato  |e (autor) 
245 1 0 |a Ciudad de México en tiempos de Maximiliano /  |c T. Luca de Tena. 
264 4 |a México :  |b Planeta,  |c 1990, c1990 
300 |a 183 p. 
336 |a texto  |b txt  |2 rdacontenido 
337 |a sin mediación  |b n  |2 rdamedio 
338 |a volumen  |b nc  |2 rdasoporte 
440 1 |a (Ciudades en la Historia) 
520 |a Obra en que se explica cómo era la vida en la Ciudad de México y la gente que en ella vivía durante el corto imperio de Maximiliano de Habsburgo y su esposa, Carlota. Además de plantear la situación política y militar que se vivió en México y en su capital con la llegada de los emperadores, se describen las calles y los edificios de la ciudad, así como las fiestas religiosas y de vida cotidiana y de sus sitios de ocio y recreación. 
649 |a XX 
650 |a Ocio y Tiempo Libre -  |z México (Ciudad) -  |x Historia -  |y Siglo XIX 
650 |a Vida Cotidiana -  |z México (Ciudad) -  |x Historia -  |y Siglo XIX 
650 |a Prácticas Culturales -  |z México (Ciudad) -  |x Historia -  |y Siglo XIX 
650 |a Arquitectura -  |z México (Ciudad) -  |x Historia y Crítica 
650 |a Arquitectura Mexicana -  |x Historia y Crítica 
650 |a Arte Mexicano -  |z México (Ciudad) 
650 |a Arte Mexicano -  |x Historia y Crítica 
650 |a México (Ciudad) -  |x Historia -  |y Intervención y Segundo Imperio, 1861-1867 
650 |a México -  |x Historia -  |y Intervención y Segundo Imperio, 1861-1867 
650 |a México (Ciudad) -  |x Historia -  |y Siglo XIX 
650 |a México -  |x Historia -  |y Siglo XIX 
650 |a México (Ciudad) -  |x Descripción 
650 |a México -  |x Descripción 
910 |a Fondo General 
920 |a Impresos - Libros 
930 |a Colección General 
905 |a 101 
901 |a 0500125945  |b IT1  |c ACC  |u 20250521 
902 |a https://opac.biblio.iteso.mx/vufind/Record/000184722